El futuro como gran reemplazo: extremas derechas, homosexualidad y xenofobia /
Este texto examina la relación entre el futuro y los discursos extremistas de derecha que promueven la xenofobia y la homofobia. Se argumenta que estas corrientes políticas utilizan la noción de futuro como un punto focal para consolidar su base de apoyo. Se exploran ejemplos de líderes y movimiento...
Sparad:
| Huvudupphovsman: | |
|---|---|
| Materialtyp: | Bok |
| Språk: | Spanish |
| Ämnen: | |
| Länkar: | texto completo desde el sitio de la revista |
| Taggar: |
Lägg till en tagg
Inga taggar, Lägg till första taggen!
|
MARC
| LEADER | 00000nam a22000007a 4500 | ||
|---|---|---|---|
| 003 | cru CIDCACS/IIS | ||
| 005 | 20230902164326.0 | ||
| 007 | ta | ||
| 008 | 200131s2019 ag |||p|r||||||0| ||spa d | ||
| 040 | |c cru CIDCACS/IIS | ||
| 100 | 1 | |9 3720 |a Stefanoni, Pablo | |
| 245 | 1 | 3 | |a El futuro como gran reemplazo: |b extremas derechas, homosexualidad y xenofobia / |c Pablo Stefanoni |
| 300 | |a páginas 95-110 | ||
| 520 | |a Este texto examina la relación entre el futuro y los discursos extremistas de derecha que promueven la xenofobia y la homofobia. Se argumenta que estas corrientes políticas utilizan la noción de futuro como un punto focal para consolidar su base de apoyo. Se exploran ejemplos de líderes y movimientos de extrema derecha que aprovechan los temores y ansiedades en torno a la inmigración y la diversidad sexual para promover una agenda de reemplazo cultural y étnico. El autor destaca cómo estas narrativas se construyen en torno a la idea de un futuro amenazado, lo que contribuye a la movilización y radicalización de ciertos grupos. La reflexión propuesta sugiere que comprender estas dinámicas es esencial para abordar los desafíos sociales y políticos planteados por las ideologías extremistas y sus implicaciones en la sociedad contemporánea. RAR 10/2022 | ||
| 650 | 0 | |2 OCDE |9 5736 |a DERECHA | |
| 650 | 0 | |2 OCDE |9 1034 |a XENOFOBIA | |
| 650 | 0 | |2 OCDE |9 10305 |a HOMOFOBIA | |
| 650 | 7 | |2 ODCE |9 8511 |a FUTURO | |
| 650 | 0 | |2 UNESCO |9 2126 |a MOVILIZACION SOCIAL | |
| 650 | 0 | |2 UNESCO |9 936 |a ANSIEDAD | |
| 773 | 0 | |0 19022 |9 4344 |a Fundación Friedrich Ebert |d Fundación Friedrich Ebert; Nueva Sociedad Buenos Aires, Argentina |o 19109 |t Nueva Sociedad / | |
| 856 | |u https://www.nuso.org/media/articles/downloads/8.TC_Stefanoni_283.pdf |y texto completo desde el sitio de la revista | ||
| 942 | |2 ddc |c PP | ||
| 999 | |c 42911 |d 42911 | ||
